000 01137nam a2200241Ia 4500
999 _c56017
_d56017
001 23117
003 GE_BSU
005 20240117114350.0
008 181216s1979||||ge |||||||||||||| ||geo||
040 _cGE_BSU
041 _ageo
080 _a821.222.1-11 ფ-62
100 _aფირდოუსი
_9105
245 _aამბავი სიაუშისა /
_c სპარს. თარგმნა ბ. შალვაშვილმა ; საქ. სსრ მხატვრ. თარგმ. და ლიტ. ურთიერთობათა მთ. სარედ. კოლეგია.
_b[ნაწყვეტი პოემიდან "შაჰნამე" /
250 _a1-ლი გამოცემა
264 _aთბილისი :
_bმერანი,
_c1979.
300 _a351გვ. :
_b ილ. ;
_c20 სმ.
541 _h1ლ.
653 _aამბავი სიაუშისა
700 _aშალვაშვილი, ბ.
_eმთარგმნელი
_919222
700 _aკეჭაყმაძე, ე.
_eრედაქტორი
_919223
942 _cBK
_2udc